000 00381nam a2200169Ia 4500
005 20250603145423.0
008 250603s9999 xx 000 0 und d
020 _a9782493633
050 _aPL 8013 .E5 N48/
245 0 _aNew poetry from Africa
260 _aIbadan
260 _bUniversity Press Ltd
260 _c1996
300 _a150 p
650 _aIbadan
942 _cBK
999 _c41805
_d41805